[Event "GER-ch U25-B"]
[Site "Willingen"]
[Date "2017.06.09"]
[Round "8"]
[White "Reichel, Sara"]
[Black "Listing, Lara Marie"]
[Result "1-0"]
[WhiteElo "1154"]
[BlackElo "724"]
[PlyCount "65"]
[EventDate "2017.06.04"]
[EventType "swiss"]
[EventRounds "9"]
[EventCountry "GER"]
[SourceTitle "CBM 178 Extra"]
[Source "ChessBase"]
[SourceDate "2017.06.22"]
[SourceVersion "1"]
[SourceVersionDate "2017.06.22"]
[SourceQuality "1"]

1. e4 e5 2. Nf3 Nc6 3. Bc4 Bc5 4. d4 exd4 5. Ng5 d5 6. Bxd5 Be6 7. Bxe6 Bb4+ 8. c3 Bxc3+ 9. bxc3 fxe6 10. Nxe6 Qd7 11. Qg4 Nf6 12. Nxg7+ Kf8 13. Ba3+ Kf7 14. Qxd7+ Nxd7 15. Nf5 dxc3 16. Nxc3 a6 17. 0-0 b5 18. Bb2 b4 19. Nh6+ Kg6 20. Nd5 Rhf8 21. Ng4 Ra7 22. f4 Rb8 23. f5+ Kf7 24. Nh6+ Kf8 25. f6 Rab7 26. f7 Nde5 27. Rf4 Nxf7 28. Rxf7+ Ke8 29. Raf1 a5 30. Rf8+ Kd7 31. e5 a4 32. R8f7+ Ke6 33. Nf4# 1-0

[Event "GER-ch U25-B"]
[Site "Willingen"]
[Date "2017.06.07"]
[Round "6"]
[White "Reichel, Sara"]
[Black "Braeutigam, Alexander"]
[Result "0-1"]
[WhiteElo "1154"]
[BlackElo "1039"]
[PlyCount "90"]
[EventDate "2017.06.04"]
[EventType "swiss"]
[EventRounds "9"]
[EventCountry "GER"]
[SourceTitle "CBM 178 Extra"]
[Source "ChessBase"]
[SourceDate "2017.06.22"]
[SourceVersion "1"]
[SourceVersionDate "2017.06.22"]
[SourceQuality "1"]

1. e4 c5 2. d4 cxd4 3. c3 dxc3 4. Nxc3 Nc6 5. Nf3 d6 6. Bc4 Nf6 7. e5 Nxe5 8. Nxe5 dxe5 9. Bxf7+ Kxf7 10. Qxd8 e6 11. Be3 Ne4 12. Nxe4 Bb4+ 13. Bd2 Rxd8 14. Bxb4 Rd4 15. Ng5+ Kg6 16. Bd2 Bd7 17. Nf3 Rd5 18. 0-0-0 Rd8 19. Bc3 e4 20. Ne5+ Kf5 21. g4+ Kf4 22. Nf7 Rc8 23. Rxd5 exd5 24. Rd1 Rc5 25. Kb1 Bxg4 26. Be5+ Kf5 27. b4 Bxd1 28. bxc5 Ke6 29. Kc1 Bh5 30. Bxg7 Kxf7 31. Bd4 Ke6 32. Kc2 Be8 33. Kb3 Bc6 34. Kb4 a6 35. Ka5 Kf5 36. Kb4 Kg4 37. Kc3 Kh3 38. Be5 Kg2 39. Bg3 h6 40. h4 e3 41. fxe3 Kxg3 42. Kd4 Kxh4 43. Ke5 Kg4 44. Kd6 h5 45. Kc7 h4 0-1

[Event "GER-ch U25-B"]
[Site "Willingen"]
[Date "2016.05.15"]
[Round "2"]
[White "Reichel, Sara"]
[Black "Wagner, Victoria"]
[Result "1-0"]
[WhiteElo "940"]
[BlackElo "1395"]
[PlyCount "71"]
[EventDate "2016.05.15"]
[EventType "swiss"]
[EventRounds "9"]
[EventCountry "GER"]
[SourceTitle "CBM 172 Extra"]
[Source "ChessBase"]
[SourceDate "2016.06.21"]
[SourceVersion "1"]
[SourceVersionDate "2016.06.21"]
[SourceQuality "1"]

1. d4 Nf6 2. e3 e6 3. f4 d5 4. Nf3 Nc6 5. Bd3 Bd7 6. Nbd2 Bb4 7. c3 Be7 8. 0-0 0-0 9. Ne5 Ne8 10. b3 f6 11. Nxd7 Qxd7 12. Bb2 e5 13. e4 dxe4 14. Bxe4 exd4 15. c4 Bc5 16. Qh5 f5 17. Bd3 Nb4 18. Be4 fxe4 19. Qxc5 Nc2 20. Rac1 Ne3 21. Rf2 Qg4 22. Qg5 Qxg5 23. fxg5 Rxf2 24. Kxf2 Nf5 25. Nxe4 Rd8 26. Nc5 b6 27. Ne6 Rd7 28. Re1 Kf7 29. g4 Ne3 30. Nxd4 Nxg4+ 31. Kg3 h5 32. gxh6 Nxh6 33. Rf1+ Kg6 34. Nf3 Nf5+ 35. Kg4 Rf7 36. Ne5+ 1-0

[Event "GER-ch U25 op-B"]
[Site "Willingen"]
[Date "2015.05.29"]
[Round "8"]
[White "Schneider, Katharina"]
[Black "Reichel, Sara"]
[Result "0-1"]
[WhiteElo "1084"]
[BlackElo "866"]
[PlyCount "102"]
[EventDate "2015.05.24"]
[EventType "swiss"]
[EventRounds "9"]
[EventCountry "GER"]
[SourceTitle "CBM 166 Extra"]
[Source "ChessBase"]
[SourceDate "2015.06.18"]
[SourceVersion "1"]
[SourceVersionDate "2015.06.18"]
[SourceQuality "1"]

1. e4 c5 2. Nf3 Nc6 3. d4 cxd4 4. Nxd4 g6 5. Nc3 Bg7 6. Be3 Nf6 7. f3 0-0 8. g4 Qb6 9. b3 Nxg4 10. fxg4 Bxd4 11. Na4 Qb4+ 12. Bd2 Qd6 13. Nc3 Bxc3 14. Bxc3 Qf4 15. Bg2 d6 16. Bf3 Qe3+ 17. Qe2 Qxc3+ 18. Kf2 Nd4 19. Qd1 Nxc2 20. Rc1 Qe3+ 21. Kg2 Nd4 22. Rf1 b6 23. h4 Bb7 24. h5 Bxe4 25. Bxe4 Qxe4+ 26. Kh3 Qe3+ 27. Kh2 Rac8 28. Rxc8 Rxc8 29. Re1 Qf4+ 30. Kg1 Nf3+ 31. Kf1 Nxe1+ 32. Kxe1 Rc1 33. Qxc1 Qxc1+ 34. Ke2 f5 35. gxf5 g5 36. h6 Qg1 37. a4 g4 38. b4 g3 39. a5 g2 40. axb6 axb6 41. b5 Qf1+ 42. Ke3 g1Q+ 43. Ke4 Qd1 44. Kf4 Qde1 45. f6 e5+ 46. Kf5 Qg6+ 47. Ke6 Qf7+ 48. Kf5 Qd7+ 49. Kg5 Qf1 50. Kh5 Qdf5+ 51. Kh4 Q1f2# 0-1

[Event "GER-ch U25 op-B"]
[Site "Oberhof"]
[Date "2013.05.21"]
[Round "4"]
[White "Reichel, Sara"]
[Black "Bossert, Moritz"]
[Result "0-1"]
[WhiteElo "683"]
[BlackElo "879"]
[PlyCount "50"]
[EventDate "2013.05.19"]
[EventType "swiss"]
[EventRounds "9"]
[EventCountry "GER"]
[SourceTitle "CBM 154 Extra"]
[Source "ChessBase"]
[SourceDate "2013.06.25"]
[SourceVersion "2"]
[SourceVersionDate "2013.06.25"]
[SourceQuality "1"]

1. d4 d5 2. e3 Bf5 3. c3 Nf6 4. Nd2 e6 5. Be2 Bd6 6. f4 Ne4 7. Nxe4 Bxe4 8. Nf3 Nc6 9. 0-0 0-0 10. Rf2 Ne7 11. Bf1 b6 12. Nd2 c5 13. Nxe4 dxe4 14. Qh5 g6 15. Qh6 Nf5 16. Qh3 h6 17. dxc5 bxc5 18. b4 cxb4 19. cxb4 Bxb4 20. Bb2 Qa5 21. Bd3 exd3 22. Qf3 Be1 23. Qc6 Bxf2+ 24. Kxf2 Qd2+ 25. Kf3 Qxe3+ 0-1

[Event "GER-ch U25 op-B"]
[Site "Oberhof"]
[Date "2013.05.19"]
[Round "2"]
[White "Reichel, Sara"]
[Black "Reif, Richard"]
[Result "0-1"]
[WhiteElo "683"]
[BlackElo "1016"]
[PlyCount "74"]
[EventDate "2013.05.19"]
[EventType "swiss"]
[EventRounds "9"]
[EventCountry "GER"]
[SourceTitle "CBM 154 Extra"]
[Source "ChessBase"]
[SourceDate "2013.06.25"]
[SourceVersion "2"]
[SourceVersionDate "2013.06.25"]
[SourceQuality "1"]

1. e4 e5 2. Nf3 Nc6 3. Bc4 Nf6 4. Ng5 d5 5. exd5 Nxd5 6. d4 Be6 7. Nc3 Nxc3 8. bxc3 Bxc4 9. Rb1 b6 10. d5 Ne7 11. Be3 Bxa2 12. Ra1 Qxd5 13. Qe2 Qc4 14. Qf3 Qxc3+ 15. Bd2 Qxa1+ 16. Qd1 Qxd1+ 17. Kxd1 f6 18. Kc1 fxg5 19. Bc3 Nc6 20. Rd1 Ba3+ 21. Kd2 Rd8+ 22. Ke1 Rxd1+ 23. Kxd1 0-0 24. g3 Rxf2 25. Ke1 Rxh2 26. Kf1 Rxc2 27. Ba1 Rc1+ 28. Kf2 Rxa1 29. g4 e4 30. Kg3 e3 31. Kf3 Bc5 32. Ke2 Bc4+ 33. Kf3 e2 34. Ke4 e1Q+ 35. Kf5 Bd3+ 36. Kxg5 Qe5+ 37. Kh4 Rh1# 0-1